<?xml version="1.0" encoding="UTF-8"?>
<record
    xmlns:xsi="http://www.w3.org/2001/XMLSchema-instance"
    xsi:schemaLocation="http://www.loc.gov/MARC21/slim http://www.loc.gov/standards/marcxml/schema/MARC21slim.xsd"
    xmlns="http://www.loc.gov/MARC21/slim">

  <leader>03760cam a2200313 i 4500</leader>
  <controlfield tag="001">991107393860006196</controlfield>
  <controlfield tag="005">20251001144745.0</controlfield>
  <controlfield tag="008">230806t20232023fr            000 1 fre d</controlfield>
  <datafield tag="020" ind1=" " ind2=" ">
    <subfield code="a">9782073034809</subfield>
  </datafield>
  <datafield tag="035" ind1=" " ind2=" ">
    <subfield code="a">(OCoLC)1395541710</subfield>
  </datafield>
  <datafield tag="035" ind1=" " ind2=" ">
    <subfield code="a">(Fr-PaAMA)AAL08293758-0001</subfield>
  </datafield>
  <datafield tag="040" ind1=" " ind2=" ">
    <subfield code="a">Fr-PaAMA</subfield>
    <subfield code="b">eng</subfield>
    <subfield code="e">rda</subfield>
    <subfield code="c">tbs</subfield>
  </datafield>
  <datafield tag="050" ind1=" " ind2="4">
    <subfield code="a">PQ2703.H352</subfield>
    <subfield code="b">C4 2023</subfield>
  </datafield>
  <datafield tag="100" ind1=" " ind2=" ">
    <subfield code="a">Chacour, Eric</subfield>
    <subfield code="d">1983-</subfield>
    <subfield code="e">author.</subfield>
  </datafield>
  <datafield tag="245" ind1="1" ind2="0">
    <subfield code="a">Ce que je sais de toi </subfield>
    <subfield code="b">: roman </subfield>
    <subfield code="c">/ Eric Chacour.</subfield>
  </datafield>
  <datafield tag="264" ind1=" " ind2="1">
    <subfield code="a">Paris :</subfield>
    <subfield code="b">Philippe Rey,</subfield>
    <subfield code="c">[2023]</subfield>
  </datafield>
  <datafield tag="300" ind1=" " ind2=" ">
    <subfield code="a">301 pages ;</subfield>
    <subfield code="c">22 cm</subfield>
  </datafield>
  <datafield tag="520" ind1=" " ind2=" ">
    <subfield code="a">Un premier roman &#xE0; l'&#xE9;criture cisel&#xE9;e et aux multiples rebondissements, l'histoire d'une vie boulevers&#xE9;e par l'amour et un vent de libert&#xE9;.
Le Caire, ann&#xE9;es 1980. La vie bien rang&#xE9;e de Tarek est devenue un carcan. Jeune m&#xE9;decin ayant repris le cabinet m&#xE9;dical de son p&#xE8;re, il partage son existence entre un m&#xE9;tier prenant et le quotidien familial o&#xF9; se c&#xF4;toient une discr&#xE8;te femme aimante, une matriarche autoritaire follement &#xE9;prise de la France, une s&#x153;ur confidente et la domestique, gardienne des secrets familiaux. L'ouverture par Tarek d'un dispensaire dans le quartier d&#xE9;favoris&#xE9; du Moqattam est une bouff&#xE9;e d'oxyg&#xE8;ne, une reconnexion n&#xE9;cessaire au sens de son travail. Jusqu'au jour o&#xF9; une surprenante amiti&#xE9; na&#xEE;t entre lui et un habitant du lieu, Ali, qu'il va prendre sous son aile. Comment celui qui n'a rien peut-il apporter autant &#xE0; celui qui semble d&#xE9;j&#xE0; tout avoir ? Un vent de libert&#xE9; ne tarde pas &#xE0; &#xE9;branler les certitudes de Tarek et bouleverse sa vie.
Premier roman servi par une &#xE9;criture cisel&#xE9;e, empreint d'humour, de sensualit&#xE9; et de d&#xE9;licatesse, Ce que je sais de toi entra&#xEE;ne le lecteur dans la communaut&#xE9; levantine d'un Caire bouillonnant, depuis le r&#xE8;gne de Nasser jusqu'aux ann&#xE9;es 2000. Au fil de d&#xE9;voilements successifs distill&#xE9;s avec brio par une audacieuse narration, il d&#xE9;crit un clan d&#xE9;chir&#xE9;, une soci&#xE9;t&#xE9; en pleine transformation, et le destin &#xE9;mouvant d'un homme en qu&#xEA;te de sa v&#xE9;rit&#xE9;.</subfield>
  </datafield>
  <datafield tag="520" ind1=" " ind2=" ">
    <subfield code="a">A debut novel with finely honed prose and countless twists and turns &#x2014; the story of a life upended by love and a breeze of freedom.

Cairo, 1980s. Tarek&#x2019;s orderly life has become a straitjacket. A young doctor who has taken over his father&#x2019;s practice, he divides his days between a demanding profession and the family routine, where a discreet and loving wife, a domineering matriarch madly in love with France, a confidante sister, and the housemaid &#x2014; guardian of family secrets &#x2014; all coexist. The opening of a clinic by Tarek in the underprivileged Moqattam neighbourhood offers a breath of fresh air, a much-needed reconnection with the purpose of his work. Until one day, a surprising friendship begins between him and a local resident, Ali, whom he takes under his wing. How can someone who has nothing give so much to someone who seems to have it all? A wind of freedom soon begins to shake Tarek&#x2019;s certainties and turn his life upside down.

This debut novel, carried by finely chiselled prose, laced with humour, sensuality, and delicacy, draws the reader into the Levantine community of a vibrant Cairo, from the Nasser era to the early 2000s. Through successive revelations brilliantly woven into a bold narrative, it portrays a torn clan, a society in flux, and the moving fate of a man in search of his own truth.</subfield>
  </datafield>
  <datafield tag="650" ind1=" " ind2="0">
    <subfield code="a">Social change</subfield>
    <subfield code="z">Egypt</subfield>
  </datafield>
  <datafield tag="650" ind1=" " ind2="0">
    <subfield code="a">Love stories&#x200B;</subfield>
    <subfield code="9">25014</subfield>
  </datafield>
  <datafield tag="650" ind1=" " ind2="0">
    <subfield code="a">Exiles</subfield>
    <subfield code="9">25013</subfield>
  </datafield>
  <datafield tag="650" ind1=" " ind2="0">
    <subfield code="a">Cultural conflict</subfield>
    <subfield code="9">25012</subfield>
  </datafield>
  <datafield tag="651" ind1=" " ind2="0">
    <subfield code="a">Egypt</subfield>
    <subfield code="2">History</subfield>
    <subfield code="v">Fiction</subfield>
    <subfield code="y">20th century</subfield>
  </datafield>
  <datafield tag="655" ind1=" " ind2="0">
    <subfield code="a">Historical fiction</subfield>
    <subfield code="9">22722</subfield>
  </datafield>
  <datafield tag="942" ind1=" " ind2=" ">
    <subfield code="2">lcc</subfield>
  </datafield>
  <datafield tag="949" ind1=" " ind2=" ">
    <subfield code="a">PQ2703.H352 C4 2023Y</subfield>
    <subfield code="c">1</subfield>
    <subfield code="i">31761111754388</subfield>
    <subfield code="m">ROBARTS</subfield>
    <subfield code="l">STACKS</subfield>
    <subfield code="t">BOOK</subfield>
  </datafield>
  <datafield tag="952" ind1=" " ind2=" ">
    <subfield code="0">0</subfield>
    <subfield code="1">0</subfield>
    <subfield code="2">lcc</subfield>
    <subfield code="4">0</subfield>
    <subfield code="7">0</subfield>
    <subfield code="a">TBS</subfield>
    <subfield code="b">TBS</subfield>
    <subfield code="d">2025-03-24</subfield>
    <subfield code="l">0</subfield>
    <subfield code="o">P-FR CHA</subfield>
    <subfield code="p">B06057</subfield>
    <subfield code="r">2025-03-24</subfield>
    <subfield code="t">1</subfield>
    <subfield code="w">2025-03-24</subfield>
    <subfield code="y">1</subfield>
  </datafield>
  <datafield tag="960" ind1=" " ind2=" ">
    <subfield code="a">CHA-AP JUN 2024</subfield>
  </datafield>
  <datafield tag="999" ind1=" " ind2=" ">
    <subfield code="c">4572</subfield>
    <subfield code="d">4572</subfield>
  </datafield>
</record>
